| 000 | 00644 a2200181 4500 | ||
|---|---|---|---|
| 003 | NUST | ||
| 038 | _aazhar | ||
| 082 | _aBIT-4 | ||
| 100 |
_aSyed Rehan Afzal _992194 |
||
| 245 |
_aHADES Outlook Spam Filter: An anti-spam software _cSyed Rehan Afzal |
||
| 260 |
_a Islamabad, _bNUST School of Electrical Engineering & Computer Science, _c2006 |
||
| 300 |
_ax, 76 p. : _b ill. ; _c27 cm. + _eCD-ROM |
||
| 500 | _aSupervisors : Mr. Samiullah Baig, Mr. Aatif Kamal. | ||
| 563 | _aHBK | ||
| 856 | _uhttp://10.250.8.41:8080/xmlui/handle/123456789/10515 | ||
| 856 | _uhttp://10.250.8.41:8080/xmlui/handle/123456789/13120 | ||
| 942 |
_cPR _kBIT-4 REH _2ddc |
||
| 999 |
_c9035 _d9035 |
||